[Event "VIII Memorial Roberto Magari A"]
[Site "Siena ITA"]
[Date "2003.11.14"]
[Round "1"]
[White "Gerundino, Nicola"]
[Black "Vezzosi, Paolo"]
[Result "1-0"]
[WhiteElo "1786"]
[BlackElo "2371"]
[PlyCount "63"]
[EventDate "2003.11.14"]

1. e4 c5 2. Nf3 g6 3. d4 cxd4 4. Nxd4 Bg7 5. Nc3 Nc6 6. Be3 d6 7. Qd2 Nf6 8. f3
Bd7 9. O-O-O Rc8 10. Kb1 O-O 11. g4 Ne5 12. h4 h5 13. gxh5 Nxh5 14. Rg1 Kh7 15.
Be2 Nc4 16. Bxc4 Rxc4 17. Nce2 Qb6 18. c3 Rfc8 19. Nf5 Qd8 20. Nxg7 Nxg7 21.
Ng3 Qa5 22. h5 Be6 23. hxg6+ fxg6 24. a3 Bf7 25. Bd4 e5 26. Nf5 gxf5 27. Qg5
Rg8 28. Be3 f4 29. Bxf4 exf4 30. Qxa5 Rc5 31. Qxa7 Bh5 32. Rxd6 1-0